Construction in the UK economy (Record no. 111207)

MARC details
000 -LEADER
fixed length control field 01235cad a22002175a 4500
001 - CONTROL NUMBER
control field L151175
008 - FIXED-LENGTH DATA ELEMENTS--GENERAL INFORMATION
fixed length control field 101005s2010 xxk f 000 0 eng d
035 ## - SYSTEM CONTROL NUMBER
System control number (Sirsi) u151175
041 0# - LANGUAGE CODE
Language code of text/sound track or separate title eng
050 04 - LIBRARY OF CONGRESS CALL NUMBER
Classification number 692.5 $2 18
110 2# - MAIN ENTRY--CORPORATE NAME
Corporate name or jurisdiction name as entry element L.E.K. Consulting
9 (RLIN) 6012
245 00 - TITLE STATEMENT
Title Construction in the UK economy
Remainder of title the benefits of investment
Medium [electronic resource]
260 ## - PUBLICATION, DISTRIBUTION, ETC.
Place of publication, distribution, etc. London
Name of publisher, distributor, etc. UKCG
-- LEK
Date of publication, distribution, etc. 2009
520 ## - SUMMARY, ETC.
Summary, etc. This detailed study demonstrates the impacts of the UK construction industry on the UK economy; highlights the benefits of investing in construction; the significant contribution that construction makes to the UK economy both at a national level and in supporting the regions; the key contribution that construction makes to UK employment; the enabling role that construction plays in realising a range of broader economic and social objectives.
590 ## - LOCAL NOTE (RLIN)
Local note KA
651 #4 - SUBJECT ADDED ENTRY--GEOGRAPHIC NAME
Geographic name United Kingdom
690 ## - LOCAL SUBJECT ADDED ENTRY--TOPICAL TERM (OCLC, RLIN)
Topical term or geographic name as entry element BUILT ENVIRONMENT-CONSTRUCTION MARKET
710 1# - ADDED ENTRY--CORPORATE NAME
Corporate name or jurisdiction name as entry element UK Contractors Group
9 (RLIN) 6011
856 48 - ELECTRONIC LOCATION AND ACCESS
Uniform Resource Identifier <a href="https://www.cbi.org.uk/ndbs/press.nsf/0363c1f07c6ca12a8025671c00381cc7/1b0460221653edd28025765c005a5db8/$FILE/UKCG%20L.E.K%20report%2028.10.09.pdf">https://www.cbi.org.uk/ndbs/press.nsf/0363c1f07c6ca12a8025671c00381cc7/1b0460221653edd28025765c005a5db8/$FILE/UKCG%20L.E.K%20report%2028.10.09.pdf</a>
Public note View the website free of charge at www.cbi.org.uk
942 ## - ADDED ENTRY ELEMENTS (KOHA)
Suppress in OPAC 0
Source of classification or shelving scheme Dewey Decimal Classification
Holdings
Withdrawn status Lost status Source of classification or shelving scheme Damaged status Not for loan Home library Current library Shelving location Date acquired Total Checkouts Full call number Barcode Date last seen Copy number Price effective from Koha item type
    Dewey Decimal Classification     Virtual Virtual Online 05/10/2010   ONLINE PUBLICATION 151175-1001 06/08/2019 1 06/08/2019 Book